| 000 | 00372nam a22001217a 4500 | ||
|---|---|---|---|
| 999 |
_c511497 _d511497 |
||
| 020 | _a9789382902607 | ||
| 082 | _aR6403x54 K156 | ||
| 100 |
_aBala, shashi _911316 |
||
| 245 | _aImpact of the Maternity Benefit (Amendment) act, 2017 in the IT/ITES Industry | ||
| 260 |
_aNoida _bV.V. Giri National Labour Institute _c2019 |
||
| 300 | _a112p. | ||
| 650 |
_aPublic welfare _911536 |
||